| 000 | 00715nam a2200277Ia 4500 | ||
|---|---|---|---|
| 005 | 20250425160659.0 | ||
| 008 | 250425s9999 xx 000 0 und d | ||
| 020 | _a9688802263 | ||
| 041 | _aspa | ||
| 082 | _a658.8 | ||
| 100 | _aKOTLER, PHILIP. | ||
| 245 | 0 | _aFUNDAMENTOS DE MERCADOTECNIA | |
| 250 | _a2A ED. | ||
| 260 | _aMEXICO | ||
| 260 |
_aMéxico _bPRENTICE-HALL _c1991 |
||
| 300 | _a654 | ||
| 500 | _aTítulo Traducido: MARKETING AN INTRODUCTION | ||
| 650 | _aDETERMINACION DE PRECIOS | ||
| 650 | _aGESTION DE MERCADOS | ||
| 650 | _aINVESTIGACION DE MERCADOS | ||
| 650 | _aMERCADEO | ||
| 650 | _aPLANIFICACION ESTRATEGICA | ||
| 700 | _aARMSTRONG, GARY | ||
| 942 | _c01 | ||
| 010 | _a2162 | ||
| 999 |
_c193993 _d193993 |
||